Statistics for Biggest Cities in Belgium

Click here to take the quiz!

General Stats

  • This quiz has been taken 107 times
  • The average score is 6 of 10

Answer Stats

PopulationCity% Correct
1,830,000Brussels
100%
502,604Antwerp
94%
117,170Bruges
86%
195,576Liège
79%
248,242Ghent
76%
203,871Charleroi
60%
110,096Namur
39%
93,072Mons
37%
97,656Leuven
36%
82,587Aalst
12%

Score Distribution

Percentile by Number Answered

Percent of People with Each Score

Your Score History

You have not taken this quiz